Music Quiz

Random Music Quiz

The Maine Songs Quiz Stats

 Plays Quiz not verified by Sporcle

Score 0/40 Timer 10:00
0 Plays Today
Album % Correct
Black & WhiteRight Girl
90.6%
Black & WhiteColor
90%
Can't Stop, Won't StopInto Your Arms
88.9%
Black & WhiteInside of You
88.3%
...And A Happy New Year - EPHo Ho Hopefully
87.8%
Black & WhiteFuel to the Fire
86.7%
Can't Stop, Won't StopI Must Be Dreaming
86.7%
Can't Stop, Won't StopEverything I Ask For
85.6%
The Way We Talk - EPThe Way We Talk
84.4%
Black & WhiteDon't Stop Now
83.9%
Can't Stop, Won't StopGirls Do What They Want
83.9%
Black & WhiteGrowing Up
83.3%
Black & WhiteSaving Grace
82.2%
Black & WhiteEvery Road
81.7%
Can't Stop, Won't StopWe'll All Be...
81.1%
...And A Happy New Year - EPSanta Stole My Girlfriend
80%
Black & WhiteGive It to Me
80%
Black & WhiteListen to Your Heart
79.4%
...And A Happy New Year - EPLast Christmas
78.9%
Bonus Tracks and CoversLast Christmas
78.9%
Album % Correct
Can't Stop, Won't StopWhoever She Is
78.3%
Can't Stop, Won't StopWe All Roll Along
77.2%
...And A Happy New Year - EPMr. Winter
77.2%
Bonus Tracks and CoversPour Some Sugar On Me
76.7%
Can't Stop, Won't StopYou Left Me
75.6%
Can't Stop, Won't StopThis Is The End
73.9%
Can't Stop, Won't StopCount 'Em One, Two, Three
73.9%
The Way We Talk - EPI Wanna Love You
73.3%
Bonus Tracks and CoversI Wanna Love You
73.3%
Can't Stop, Won't StopKiss and Sell
72.8%
Can't Stop, Won't StopTime To Go
71.1%
The Way We Talk - EPIf I Only Had The Heart
69.4%
The Way We Talk - EPThe Town's Been Talkin'
66.1%
The Way We Talk - EPWe Change, We Wait
63.9%
The Way We Talk - EPGive Me Anything
60%
Bonus Tracks and CoversRight Girl Acoustic
42.2%
Bonus Tracks and CoversInside of You Acoustic
42.2%
Black & WhiteInside of You Acoustic
42.2%
Black & WhiteRight Girl Acoustic
42.2%
Bonus Tracks and CoversEverything I Ask For Remix
21.7%

You're not logged in!

Compare scores with friends on all Sporcle quizzes.
OR
Log In

Show Comments

Extras

Created Oct 17, 2010ReportNominate
Tags:black, The Maine

Top Quizzes Today


Score Distribution

Your Account Isn't Verified!

In order to create a playlist on Sporcle, you need to verify the email address you used during registration. Go to your Sporcle Settings to finish the process.

Report this User

Report this user for behavior that violates our Community Guidelines.

Details: